Pays dotés de l'arme nucléaire - Mort subite - Statistiques

Statistiques générales
  • Ce quiz a été pris 1 031 fois
  • Le résultat moyen est 6 sur 9
Answers on the Grid
Answers color-coded by a green-red scale on the quiz's grid according to % correct below.
Allemagne
Australie
Brésil
Canada
Chine
Corée du Nord
Espagne
États-Unis
France
Inde
Indonésie
Iran
Israël
Italie
Japon
Pakistan
Royaume-Uni
Russie
 
Statistiques - réponses
Réponse % Correct
États-Unis
91%
France
90%
Chine
74%
Corée du Nord
73%
Russie
72%
Royaume-Uni
65%
Israël
60%
Inde
53%
Pakistan
52%
Aucun quiz correspondant
Distribution des résultats
% des personnes avec chaque résultat
Percentile par nombre de réponses
Votre historique - résultats
Vous n’avez pas pris ce quiz